|
|
|
|
| LEADER |
00000cas a2200000 i 4500 |
| 003 |
Ucuenca |
| 005 |
20230308225123.0 |
| 006 |
a||||gr|||| 001 0 |
| 007 |
ta |
| 008 |
000000|1992 xxuaaaagr|||| 001|| spa a |
| 022 |
|
|
|a 3-8228-5006-3
|
| 040 |
|
|
|b spa
|a UCuenca-cdrjbv
|c UCuenca
|e rda
|
| 041 |
0 |
|
|a eng
|
| 082 |
0 |
|
|2 21
|a 720.5
|c 117600
|
| 245 |
0 |
|
|a Architectural Record /
|c Editado por Walter F. Wagner, Stephen A. Kliment.
|
| 264 |
|
1 |
|a New York:
|b McGraw-Hill,
|c 1992.
|
| 300 |
|
|
|a 177 páginas:
|b ilu
|c 28 cm
|
| 336 |
|
|
|2 rdacontent
|a texto
|b txt
|
| 337 |
|
|
|2 rdamedia
|a no mediado
|b n
|
| 338 |
|
|
|2 rdacarrier
|a volumen
|b nc
|
| 362 |
|
|
|a no. 4 (april 1992)
|
| 504 |
|
|
|a incl. bib.
|
| 505 |
0 |
|
|a Un dandy qante su espejo -- La prueba del amor -- La belleza comestible -- La conquista irracional -- Los secretos màgicos de Avida Dollars -- El magnifico mìstico -- Las recetas de inmortalidad -- Biografìa.
|
| 650 |
|
|
|a Arquitectura
|9 202409
|2 UCuenca-cdrjbv
|
| 650 |
|
|
|a Revista architectural record
|9 201918
|2 UCuenca-cdrjbv
|
| 651 |
|
|
|2 UCuenca-cdrjbv
|
| 700 |
1 |
|
|a Kliment, Stephen A.
|e editor
|9 202194
|
| 700 |
1 |
|
|a Wagner, Walter F.
|e editor
|9 201919
|
| 852 |
|
|
|a UC-CDJBV
|f Donación
|l 1
|m General
|p 00000000
|r 2
|t si91-11
|b 0
|d CDRC
|e CDRC
|g 720.5 K63a TERCER PISO (SECCION REVISTAS)
|z 0000-00-00
|
| 942 |
|
|
|c SER
|2 ddc
|
| 999 |
|
|
|c 151489
|d 151489
|